<?xml version="1.0" encoding="UTF-8"?>
<record
    xmlns:xsi="http://www.w3.org/2001/XMLSchema-instance"
    xsi:schemaLocation="http://www.loc.gov/MARC21/slim http://www.loc.gov/standards/marcxml/schema/MARC21slim.xsd"
    xmlns="http://www.loc.gov/MARC21/slim">

  <leader>00762nam a22002297a 4500</leader>
  <controlfield tag="003">UA-OsUOA</controlfield>
  <controlfield tag="001"> 54355 </controlfield>
  <controlfield tag="007">ta</controlfield>
  <controlfield tag="008">20170905b un ||||| |||| 00| 0 ukr d</controlfield>
  <datafield tag="090" ind1=" " ind2=" ">
    <subfield code="a">082</subfield>
    <subfield code="b">&#x411;43</subfield>
  </datafield>
  <datafield tag="942" ind1=" " ind2=" ">
    <subfield code="c">BK</subfield>
  </datafield>
  <datafield tag="040" ind1=" " ind2=" ">
    <subfield code="a">UA-OsUOA</subfield>
    <subfield code="b">ukr</subfield>
    <subfield code="c">UA-OsUOA</subfield>
    <subfield code="d">UA-OsUOA</subfield>
  </datafield>
  <datafield tag="245" ind1=" " ind2=" ">
    <subfield code="a">&#x411;&#x435;&#x43B;&#x430;&#x440;&#x443;&#x441;&#x44C;, &#x420;&#x430;&#x441;&#x456;&#x44F;, &#x423;&#x43A;&#x440;&#x430;&#x456;&#x43D;&#x430;: &#x434;&#x44B;&#x430;&#x43B;&#x43E;&#x433; &#x43D;&#x430;&#x440;&#x43E;&#x434;&#x430;&#x443; &#x456; &#x43A;&#x443;&#x43B;&#x44C;&#x442;&#x443;&#x440;</subfield>
    <subfield code="c">&#x441;&#x43A;&#x43B;&#x430;&#x434;. &#x414;.&#x423;. &#x41A;&#x430;&#x440;&#x430;&#x443;, &#x412;.&#x412;. &#x41C;&#x430;&#x441;&#x43D;&#x435;&#x43D;&#x43A;&#x430;</subfield>
  </datafield>
  <datafield tag="300" ind1=" " ind2=" ">
    <subfield code="a">424 &#x441;.</subfield>
  </datafield>
  <datafield tag="955" ind1=" " ind2=" ">
    <subfield code="a">1</subfield>
  </datafield>
  <datafield tag="041" ind1=" " ind2=" ">
    <subfield code="a">ukr</subfield>
  </datafield>
  <datafield tag="080" ind1=" " ind2=" ">
    <subfield code="a">082</subfield>
  </datafield>
  <datafield tag="260" ind1=" " ind2=" ">
    <subfield code="a">&#x413;&#x440;&#x43E;&#x434;&#x43D;&#x430;</subfield>
    <subfield code="b">&#x42E;&#x440;&#x441;&#x430;&#x41F;&#x440;&#x44B;&#x43D;&#x442;</subfield>
    <subfield code="c">2013</subfield>
  </datafield>
  <datafield tag="650" ind1=" " ind2="7">
    <subfield code="a">08 &#x412;&#x438;&#x434;&#x430;&#x43D;&#x43D;&#x44F;. &#x41A;&#x43E;&#x43B;&#x435;&#x43A;&#x442;&#x438;&#x432;&#x43D;&#x456; &#x43F;&#x440;&#x430;&#x446;&#x456;</subfield>
    <subfield code="2">UDC</subfield>
  </datafield>
  <datafield tag="999" ind1=" " ind2=" ">
    <subfield code="c">434475</subfield>
    <subfield code="d">434475</subfield>
  </datafield>
  <datafield tag="952" ind1=" " ind2=" ">
    <subfield code="0">0</subfield>
    <subfield code="1">0</subfield>
    <subfield code="2">udc</subfield>
    <subfield code="4">0</subfield>
    <subfield code="7">0</subfield>
    <subfield code="a">300</subfield>
    <subfield code="b">300</subfield>
    <subfield code="d">2017-09-05</subfield>
    <subfield code="e">310/2014</subfield>
    <subfield code="g">1.00</subfield>
    <subfield code="i">2139308</subfield>
    <subfield code="l">0</subfield>
    <subfield code="o">082 &#x411;43</subfield>
    <subfield code="p">2139308</subfield>
    <subfield code="r">2019-09-15 00:00:00</subfield>
    <subfield code="w">2017-09-05</subfield>
    <subfield code="y">BK</subfield>
  </datafield>
</record>
